00214nam a22000857a 4500040000800000082002200008100001800030245005400048260002600102 c333 a333 SEW 1985 C085 aW.R.D. SEWELL aWater planning in australia from myths to reality aPhnom PenhbSEWc1985